Pro Sports Teams in New York - Statistics

General Stats
  • This quiz has been taken 48 times
  • The average score is 10 of 10
Answer Stats
Answer % Correct
New York Giants
100%
New York Jets
100%
New York Knicks
100%
New York Yankees
100%
New York Islanders
98%
New York Mets
98%
Brooklyn Nets
95%
New York Rangers
95%
Buffalo Bills
93%
Buffalo Sabres
89%
No matching quizzes found
Score Distribution
Percent of People with Each Score
Percentile by Number Answered
Your Score History
You have not taken this quiz